Statistics for Countries with highest life expectancy for women

Click here to take the quiz!

General Stats

  • This quiz has been taken 34 times
  • The average score is 6 of 10

Answer Stats

RankAgeAnswer% Correct
186.8Japan
88%
7=84.8Australia
74%
7=84.8Italy
74%
585.4France
65%
1084.1Iceland
65%
3=85.5South Korea
65%
3=85.5Spain
65%
685.3Switzerland
62%
286.1Singapore
59%
984.3Israel
21%

Score Distribution

Percentile by Number Answered

Percent of People with Each Score

Your Score History

You have not taken this quiz